Pipeline planning and construction field manual / (Record no. 19279)

MARC details
000 -LEADER
fixed length control field 01468cam a22002654a 4500
001 - CONTROL NUMBER
control field 16618658
005 - DATE AND TIME OF LATEST TRANSACTION
control field 20150505133640.0
008 - FIXED-LENGTH DATA ELEMENTS--GENERAL INFORMATION
fixed length control field 110121t2011 maua frb 001 0 eng d
020 ## - INTERNATIONAL STANDARD BOOK NUMBER
International Standard Book Number 9780123838674
020 ## - INTERNATIONAL STANDARD BOOK NUMBER
International Standard Book Number 0123838673
040 ## - CATALOGING SOURCE
Original cataloging agency DLC
Transcribing agency DLC
Modifying agency YDX
-- YDXCP
-- DLC
-- EG-ScBUE
082 00 - DEWEY DECIMAL CLASSIFICATION NUMBER
Classification number 621.8672
Edition number 22
Item number PIP
245 00 - TITLE STATEMENT
Title Pipeline planning and construction field manual /
Statement of responsibility, etc [edited by] E. Shashi Menon.
260 ## - PUBLICATION, DISTRIBUTION, ETC. (IMPRINT)
Place of publication, distribution, etc Waltham ;
-- Oxford :
Name of publisher, distributor, etc Gulf Professional Publishing / Elsevier,
Date of publication, distribution, etc c.2011.
300 ## - PHYSICAL DESCRIPTION
Extent xxiii, 552 p. :
Other physical details ill. ;
Dimensions 23 cm.
500 ## - GENERAL NOTE
General note Includes appendixes.
500 ## - GENERAL NOTE
General note Index : p. 549-552.
504 ## - BIBLIOGRAPHY, ETC. NOTE
Bibliography, etc Includes bibliographical references.
505 0# - FORMATTED CONTENTS NOTE
Formatted contents note Design basis -- Route selection -- Pipeline regulatory and environmental permits -- Right of way -- Alignment sheets -- Overview of pipeline materials -- Pipe strength and wall thickness -- Pipeline hydraulic analysis -- Series and parallel piping and power required -- Valve stations -- Pump stations -- Compressor stations -- Corrosion protection -- Leak detection -- Pipeline pigging and inspection -- Pipeline construction -- Welding and NDT -- Hydrostatic testing -- Commissioning -- Specification writing, data sheet production, requisition development and bid analysis -- Operations and maintenance manuals.
650 #7 - SUBJECT ADDED ENTRY--TOPICAL TERM
Topical term or geographic name as entry element Pipelines.
Source of heading or term BUEsh
9 (RLIN) 37842
653 ## - INDEX TERM--UNCONTROLLED
Resource For college Engineering, General
Arrived date list May2015
655 ## - INDEX TERM--GENRE/FORM
Form subdivision
-- 34232
700 1# - ADDED ENTRY--PERSONAL NAME
Personal name Menon, E. Shashi,
9 (RLIN) 17784
Relator term editor.
942 ## - ADDED ENTRY ELEMENTS (KOHA)
Source of classification or shelving scheme Dewey Decimal Classification
Holdings
Withdrawn status Item status Source of classification or shelving scheme Damaged status Not for loan Vendor Home library Current library Shelving location Date acquired Source of acquisition Cost, normal purchase price Serial Enumeration / chronology Total Checkouts Total Renewals Full call number Barcode Date last seen Date last borrowed Cost, replacement price Koha item type
    Dewey Decimal Classification     Alahram Central Library Central Library First floor 05/05/2015   600.00 322 2 24 621.8672 PIP 000038145 15/07/2025 09/03/2022 750.00 Book - Borrowing